| 000 | 01530nam0a22003611 4500 | ||
|---|---|---|---|
| 001 | v19\rc\1753635 | ||
| 005 | 20250619062831.0 | ||
| 035 | _a(NLR Aleph) 004856879 | ||
| 090 |
_a4973422 _c4973422 |
||
| 100 | _a20061204d1902 |||y0rusy50 ca | ||
| 101 | 0 | _arus | |
| 102 | _aRU | ||
| 105 | _ay z |||a| | ||
| 135 | _acoco 024aaaaa | ||
| 200 | 1 |
_a"Новая погудка на старый лад", "Из рассказов старого сокола" _eДва стихотворения _fН. Чаев |
|
| 210 |
_aМосква _cтипо-лит. т-ва И.Н. Кушнерев и К° _d1902 |
||
| 215 |
_a8 с. _d23 |
||
| 300 | _aЭл.копия создана на основе экземпляра РГБ | ||
| 325 | _aКопия доступна в Электрон. б-ке РНБ http://vivaldi.nlr.ru/bx000005778/view | ||
| 517 | 0 | _aИз рассказов старого сокола | |
| 532 | 1 | 3 | _aНовая погудка на старый лад, Из рассказов старого сокола |
| 700 | 1 |
_aЧаев _bН.А. _f1824-1914 _gНиколай Александрович |
|
| 801 | 0 |
_aRU _bNLR _gpsbo |
|
| 801 | 0 |
_aRU _bRuMoRGB _2psbo |
|
| 801 | 1 |
_aRU _bProSoft-M _2rusmarc |
|
| 852 |
_aNLR _j34.83.6.850 |
||
| 899 |
_aRuMoRGB _jF 75/351 |
||
| 899 |
_aRuMoRGB _jF 73/321 |
||
| 899 | _aБАН | ||
| 942 | _cBOOK | ||
| 980 | _aNB | ||
| 981 | 3 | 3 |
_a(33) Художественная литература _b(33) Отечественная литература |